Tyranny of the status quo /
সংরক্ষণ করুন:
| প্রধান লেখক: | |
|---|---|
| অন্যান্য লেখক: | |
| বিন্যাস: | পাঠ্য |
| প্রকাশিত: |
Washington D.C.:
Harcourt Brace Jovanich Publishers
|
| ট্যাগগুলো: |
ট্যাগ যুক্ত করুন
কোনো ট্যাগ নেই, প্রথমজন হিসাবে ট্যাগ করুন!
|
MARC
| LEADER | 00000 a a2200000 04500 | ||
|---|---|---|---|
| 001 | 24836 | ||
| 003 | |||
| 040 | |||
| 020 | |a 0-15-192379-5 | ||
| 090 | |a 174800 | ||
| 100 | |a Friedman, Milton | ||
| 245 | |a Tyranny of the status quo / |c Milton Friedman | ||
| 260 | |a Washington D.C.: |b Harcourt Brace Jovanich Publishers | ||
| 300 | |a 181 p. |b fonodiscos | ||
| 700 | |a Friedman, Rose | ||
| 999 | |c 8036 |d 8036 | ||



